Guess the Taylor Swift song from the first line - Statistics

General Stats
  • This quiz has been taken 19 times
  • The average score is 17 of 20
Answer Stats
Hint Answer % Correct
I walked through the door with you, the air was cold All too well
100%
I stay out too late Shake It Off
100%
Combat, I'm ready for combat The Archer
94%
Vintage tee, brand new phone cardigan
88%
The drought was the very worst Clean
88%
Our secret moments in a crowded room Dress
88%
we were crazy to think, crazy to think that this could work False God
88%
I heard you calling The Fate of Ophelia
88%
Is it romantic how all my elegies eulogize me? the lakes
88%
I'm so glad you made time to see me Back to December
81%
And the tennis court was covered up cowboy like me
81%
I said "Remember this moment" Long Live
81%
I saw in my mind fairy lights through the mist So Long London
81%
He is sensible and so incredible The Way I Loved You
81%
I sit and watch you reading with your head low tolerate it
81%
I'm walking fast through the traffic lights State of Grace
75%
I'm five years old, it's getting cold, I've got my big coat on The Best Day
75%
One night a few moons ago I Snow On The Beach
69%
It's strange to think the songs we used to sing Should've said no
63%
You had people who called you on unmarked numbers Suburban Legends
63%
No matching quizzes found
Score Distribution
Percent of People with Each Score
Percentile by Number Answered
Your Score History
You have not taken this quiz